| 000 | 00565nam a2200181Ia 4500 | ||
|---|---|---|---|
| 003 | IN-BaIIA | ||
| 008 | 211028s9999 xx 000 0 eng d | ||
| 040 | _cIIA Library | ||
| 080 |
_a058.7:6(54) _bARO |
||
| 245 | 0 |
_aKothari's industrial directory of India _cedited by S. Arokiasamy |
|
| 260 |
_aMadras, _bKothari Enterprises _c1992 |
||
| 300 | _avaries | ||
| 650 |
_aDirectory-Industries _910358 |
||
| 650 |
_aIndustries-Directory _918084 |
||
| 650 | _aNASA Thesaurus | ||
| 700 |
_aArokiasamy, S ed _918085 |
||
| 942 | _cBK | ||
| 999 |
_c10607 _d10607 |
||